History Quiz

Random History or Politics Quiz

Famous Leaders by Their Deaths Quiz Stats

 Plays Quiz Updated Sep 19, 2015

Challenge
Share
Tweet
Embed
Score 0/24 Timer 07:00
4 Plays Today
% Correct
Abraham Lincoln
98.5%
Adolf Hitler
98%
John F. Kennedy
98%
Nelson Mandela
96.8%
Saddam Hussein
94.9%
Kim Jong-il
94.3%
Franklin D. Roosevelt
94.2%
Margaret Thatcher
94%
Vladimir Lenin
92.3%
Benito Mussolini
92.1%
Thomas Jefferson
90.9%
Mao Zedong
90.9%
% Correct
Winston Churchill
88.7%
Hugo Chávez
88.5%
Ho Chi Minh
88.3%
Charles de Gaulle
87.1%
Muammar Gaddafi
86.8%
Francisco Franco
85.7%
George Washington
85.4%
Joseph Stalin
85%
Anwar Sadat
83.2%
Nicolae Ceaușescu
82.2%
Benazir Bhutto
81.8%
Pol Pot
78.5%

You're not logged in!

Compare scores with friends on all Sporcle quizzes.
Join for Free
OR
Log In

You Might Also Like...

Show Comments

Extras

Top Quizzes Today


Score Distribution

Your Account Isn't Verified!

In order to create a playlist on Sporcle, you need to verify the email address you used during registration. Go to your Sporcle Settings to finish the process.

Report this User

Report this user for behavior that violates our Community Guidelines.

Details: